[Event "CHI-ch (Women)"]
[Site "Santiago de Chile"]
[Date "2004.04.05"]
[Round "3"]
[White "Caro, Claudia"]
[Black "Concha, Maria Jose"]
[Result "1-0"]
[WhiteElo "1857"]
[BlackElo "1526"]
[PlyCount "31"]
[EventDate "2004.04.03"]
[EventType "swiss"]
[EventRounds "3"]
[EventCountry "CHI"]
[SourceTitle "EXT 2008"]
[Source "ChessBase"]
[SourceDate "2007.11.25"]
[SourceVersion "1"]
[SourceVersionDate "2007.11.25"]
[SourceQuality "1"]

1. d4 d5 2. c4 c6 3. Nc3 Nf6 4. Nf3 e6 5. Bg5 Bb4 6. e3 h6 7. Bh4 0-0 8. Bd3 Nbd7 9. 0-0 Qe8 10. Rc1 e5 11. dxe5 Nxe5 12. Bxf6 Nxf3+ 13. Qxf3 gxf6 14. Qxf6 Qe6 15. Qh4 Rd8 16. Qxd8+ 1-0